| 000 -LEADER |
| fixed length control field |
02482cam a22003374a 4500 |
| 001 - CONTROL NUMBER |
| control field |
14927688 |
| 003 - CONTROL NUMBER IDENTIFIER |
| control field |
NUST |
| 005 - DATE AND TIME OF LATEST TRANSACTION |
| control field |
20170616112805.0 |
| 008 - FIXED-LENGTH DATA ELEMENTS--GENERAL INFORMATION |
| fixed length control field |
070713s2006 ne a b 000 0 eng c |
| 010 ## - LIBRARY OF CONGRESS CONTROL NUMBER |
| LC control number |
2007451136 |
| 016 7# - NATIONAL BIBLIOGRAPHIC AGENCY CONTROL NUMBER |
| Record control number |
101288007 |
| Source |
DNLM |
| 020 ## - INTERNATIONAL STANDARD BOOK NUMBER |
| Canceled/invalid ISBN |
9781402040573 (HB : alk. paper) |
| 020 ## - INTERNATIONAL STANDARD BOOK NUMBER |
| International Standard Book Number |
1402040571 (HB : alk. paper) |
| 020 ## - INTERNATIONAL STANDARD BOOK NUMBER |
| Canceled/invalid ISBN |
9781402040580 (e-book) |
| 020 ## - INTERNATIONAL STANDARD BOOK NUMBER |
| International Standard Book Number |
140204058X (ebook) |
| 035 ## - SYSTEM CONTROL NUMBER |
| System control number |
(CStRLIN)CSUGA6532835-B |
| 040 ## - CATALOGING SOURCE |
| Original cataloging agency |
OHX |
| Transcribing agency |
NLM |
| Modifying agency |
OHX |
| -- |
BAKER |
| -- |
ABC |
| -- |
YDXCP |
| -- |
LHL |
| -- |
DLC |
| 042 ## - AUTHENTICATION CODE |
| Authentication code |
pcc |
| 050 00 - LIBRARY OF CONGRESS CALL NUMBER |
| Classification number |
R857.B54 |
| Item number |
B535 2006 |
| 082 ## - DEWEY DECIMAL CLASSIFICATION NUMBER |
| Classification number |
610.28 JER |
| 245 00 - TITLE STATEMENT |
| Title |
Biosensing : |
| Remainder of title |
international research and development / |
| Statement of responsibility, etc. |
Jerome Schultz ... [et al.]. |
| 260 ## - PUBLICATION, DISTRIBUTION, ETC. |
| Place of publication, distribution, etc. |
Dordrecht : |
| Name of publisher, distributor, etc. |
Springer, |
| Date of publication, distribution, etc. |
2006. |
| 300 ## - PHYSICAL DESCRIPTION |
| Extent |
xxix, 387 p. : |
| Other physical details |
ill. ; |
| Dimensions |
25 cm. |
| 500 ## - GENERAL NOTE |
| General note |
P.B |
| 504 ## - BIBLIOGRAPHY, ETC. NOTE |
| Bibliography, etc. note |
Includes bibliographical references. |
| 505 0# - FORMATTED CONTENTS NOTE |
| Formatted contents note |
Executive summary -- 1. Infrastructure overview / Jerome Schultz -- 2. Optical biosensing / David R. Walt -- 3. Electro-based sensors and surface engineering / Milan Mrksich -- 4. Cell and tissue-based sensors / Sangeeta N. Bhatia -- 5. Mass spectrometry and biosensing research / Charles L. Wilkins -- 6. Microfabricated biosensing devices: MEMS, microfluidics, and mass sensors / Antonio J. Ricco -- 7. Information systems for biosensing / David J. Brady -- Appendices. A. Panel biographies ; B. Site reports: Europe and Australia ; C. Site reports: Japan ; D. NIH grants related to biosensing, CY2002 ; E. NSF-sponsored projects related to biosensing, CY2002 ; F. DOD/DARPA programs related to biosensing ; G.U.S. Army Research Office-funded projects related to biosensing, as of March 2004 ; H.U.S. Department of Energy research related to biosensing (1999) ; I. European Union 6th Framework Programme (2002-2006) ; J. Europe and Japan patents related to biosensing, 1999-2003 ; K. Bibliometric study of world biosensors research, 1997-2002 ; L. Glossary. |
| 650 #0 - SUBJECT ADDED ENTRY--TOPICAL TERM |
| Topical term or geographic name entry element |
Biosensors |
| General subdivision |
Research. |
| 9 (RLIN) |
2819 |
| 700 1# - ADDED ENTRY--PERSONAL NAME |
| Personal name |
Schultz, J. S. |
| Fuller form of name |
(Jerome Samson), |
| Dates associated with a name |
1933- |
| 9 (RLIN) |
2820 |
| 856 42 - ELECTRONIC LOCATION AND ACCESS |
| Materials specified |
Publisher description |
| Uniform Resource Identifier |
<a href="http://www.loc.gov/catdir/enhancements/fy0824/2007451136-d.html">http://www.loc.gov/catdir/enhancements/fy0824/2007451136-d.html</a> |
| 856 41 - ELECTRONIC LOCATION AND ACCESS |
| Materials specified |
Table of contents only |
| Uniform Resource Identifier |
<a href="http://www.loc.gov/catdir/enhancements/fy0824/2007451136-t.html">http://www.loc.gov/catdir/enhancements/fy0824/2007451136-t.html</a> |
| 906 ## - LOCAL DATA ELEMENT F, LDF (RLIN) |
| a |
7 |
| b |
cbc |
| c |
pccadap |
| d |
3 |
| e |
ncip |
| f |
20 |
| g |
y-gencatlg |
| 942 ## - ADDED ENTRY ELEMENTS (KOHA) |
| Source of classification or shelving scheme |
|
| Koha item type |
Book |
| Call number prefix |
IESE |